书目信息 |
| 题名: |
认识自然灾害
|
|
| 作者: | 本书编写组编 | |
| 分册: | ||
| 出版信息: | 广州 广东世界图书出版公司 2010 |
|
| 页数: | 200页 | |
| 开本: | 23cm | |
| 丛书名: | 奇妙的自然现象丛书 | |
| 单 册: | ||
| 中图分类: | X43-49 , X43 | |
| 科图分类: | ||
| 主题词: | 自然灾害--普及读物 , 自然灾害 | |
| 电子资源: | ||
| ISBN: | 978-7-5100-2507-5 | |
| 000 | 00842oam2 2200253 450 | |
| 001 | 2333154333 | |
| 005 | 20231110084748.35 | |
| 010 | @a978-7-5100-2507-5@dCNY38.80 | |
| 100 | @a20111124d2010 em y0chiy50 ea | |
| 101 | 0 | @achi |
| 102 | @aCN@b440000 | |
| 105 | @aa z 000yy | |
| 200 | 1 | @a认识自然灾害@Aren shi zi ran zai hai@f本书编写组编 |
| 210 | @a广州@c广东世界图书出版公司@d2010 | |
| 215 | @a200页@c图@d23cm | |
| 225 | 1 | @a奇妙的自然现象丛书 |
| 330 | @a本书介绍了自然灾害基本知识、气象灾害、海洋灾害、洪水灾害、地质灾害、地震灾害、农作物灾害和森林灾害等内容,并对其主要灾害类型作具体详尽的展开介绍,普及相应的自救互救知识。 | |
| 461 | 0 | @12001 @a奇妙的自然现象丛书 |
| 606 | 0 | @a自然灾害@j普及读物 |
| 606 | 0 | @a自然灾害 |
| 690 | @aX43-49@v5 | |
| 690 | @aX43@v4 | |
| 801 | 0 | @aCN@b安徽时代@c20230923 |
| 905 | @aBZT@dX43@e10 | |
| 认识自然灾害/本书编写组编.-广州:广东世界图书出版公司,2010 |
| 200页:图;23cm.-(奇妙的自然现象丛书) |
| ISBN 978-7-5100-2507-5:CNY38.80 |
| 本书介绍了自然灾害基本知识、气象灾害、海洋灾害、洪水灾害、地质灾害、地震灾害、农作物灾害和森林灾害等内容,并对其主要灾害类型作具体详尽的展开介绍,普及相应的自救互救知识。 |
| ● |
| 相关链接 |
|
|
|
正题名:认识自然灾害
索取号:X43/10
 
预约/预借
| 序号 | 登录号 | 条形码 | 馆藏地/架位号 | 状态 | 备注 |
| 1 | 2000936778 | 2000936778 | 214主题书屋/四27架B面5层3列/ [索取号:X43/10] | 在馆 | |
| 2 | 2000936779 | 2000936779 | 214主题书屋/四27架B面5层3列/ [索取号:X43/10] | 在馆 | |
| 3 | 2000936780 | 2000936780 | 214主题书屋/四27架B面5层3列/ [索取号:X43/10] | 在馆 | |
| 4 | 2000936781 | 2000936781 | 214主题书屋/四27架B面5层3列/ [索取号:X43/10] | 在馆 | |
| 5 | 2000936782 | 2000936782 | 214主题书屋/四27架B面5层3列/ [索取号:X43/10] | 在馆 | |
| 6 | 2000936783 | 2000936783 | 214主题书屋/四27架B面5层3列/ [索取号:X43/10] | 在馆 |